000 02303nam0a2200373 4500
001 RU\NLR\bibl\1270840
005 20260405120729.0
010 _a978-5-902665-17-5
_91000
021 _aRU
_b2008-54347
_93009
035 _a(NLR Aleph) 001256712
090 _a353302
_c353302
100 _a20080909d2008 |||y0rusy50 ca
101 0 _arus
102 _aRU
105 _aa |||||||||
200 1 _aМетоды теории перколяции в подземной гидромеханике
_eучебное пособие для студентов высших учебных заведений, обучающихся по специальностям 130503 "Разработка и эксплуатация нефтяных и газовых месторождений", 130504 "Бурение нефтяных и газовых скважин" направления подготовки дипломированных специалистов 130500 "Нефтегазовое дело" и по направлению подготовки магистров 130500 "Нефтегазовое дело"
_fВ.В. Кадет
210 _aМосква
_cЦентрЛитНефтеГаз
_d2008
215 _a94, [1] с.
_cил.
_d21
225 1 _aВысшее нефтегазовое образование
300 _aНа обл. авт. не указан
300 _aНа 4-й с. обл. авт.: Кадет В.В., д.т.н., проф., д.чл. РАЕН
320 _aБиблиогр.: с. 93-94 (25 назв.)
606 1 _aГазоносные пласты
_jУчебные издания для высших учебных заведений
_xГидродинамика
_91365991
_3RU\NLR\auth\66257782
606 1 _aНефтяные пласты
_jУчебные издания для высших учебных заведений
_xГидродинамика
_91446280
_3RU\NLR\auth\66302199
686 _aИ361-113.5я73-1
686 _aИ362-113.5я73-1
700 1 _4070
_8rus
_7ca
_aКадет
_bВ. В.
_cд-р техн. наук
_gВалерий Владимирович
_3RU\NLR\AUTH\7746856
_929791
801 0 _aRU
_bNLR
_c20080909
_gRCR
801 1 _aRU
_bNLR
_c20080909
830 _aавт. по кн.
942 _cBOOK
980 _aNB